000 00333nam a2200121Ia 4500
008 210430s9999 xx 000 0 und d
082 _a658 G6596 M
100 _aP.Gopalakrishnan
_954131
245 _aMaterials Management An Interated Approach
_cP.Gopalakrishnan
260 _aIndia
_bPHI
_c2009
300 _a276P
942 _cBK
_2ddc
999 _c564602
_d564602